| 000 | 01552nam a22003977a 4500 | ||
|---|---|---|---|
| 003 | CHAP | ||
| 005 | 20220329143451.0 | ||
| 008 | 091117s2009 mx a r 00010 spa d | ||
| 010 | _a97083 | ||
| 011 | _a98055 | ||
| 035 | _a108732 | ||
| 040 | _cCHAP | ||
| 090 | _aTesis | ||
| 100 | 1 |
_aCrespo Lira, Heladio _928900 |
|
| 245 | 1 | 0 |
_aBalance entre consumo y gasto de energia por actividad de vacas lecheras pastoreando pastizal nativo _c/por Heladio Crespo Lira |
| 260 |
_aChapingo, Méx. : _bEl autor, _c2009 |
||
| 300 |
_aix, 61 h. : _bcuadros |
||
| 502 | _aTesis (M.C. en Innovación Ganadera) -- UACH. Departamento de Enseñanza, Investigación y Servicio en Zootecnia | ||
| 530 | _aTambién disponible en línea | ||
| 590 |
_aALEPH _b10 _c20130110 _lUCH01 _h1531 |
||
| 590 |
_aBATCH-UPD _b10 _c20130110 _lUCH01 _h1704 |
||
| 590 |
_aBATCH-UPD _b10 _c20130410 _lUCH01 _h1051 |
||
| 590 |
_aBATCH-UPD _b10 _c20130914 _lUCH01 _h1058 |
||
| 590 |
_aBATCH-UPD _b10 _c20140324 _lUCH01 _h1513 |
||
| 590 |
_aBATCH-UPD _b10 _c20141002 _lUCH01 _h0840 |
||
| 590 |
_aCONVERSION _b10 _c20130109 _lUCH01 _h1354 |
||
| 650 | 1 | 4 |
_aEnergéticos. _936879 |
| 650 | 1 | 4 |
_aGanado lechero _xAlimentación. _945238 |
| 650 | 1 | 4 |
_aGanado lechero _xPastoreo. _945284 |
| 650 | 1 | 4 |
_aPastizales _xMichoacán. _985948 |
| 856 |
_3Finding aid _uhttp://10.13.5.2/tesis/108732.pdf _zTeclea aqui |
||
| 901 | _aBK | ||
| 942 | _cFOLL | ||
| 949 |
_aTesis _bBC _cTES _d33724002113702 _eTS1 _gDonaciØn _h49720 _i108732 _sb |
||
| 949 |
_aTesis _bBC _cTES _d33724002113743 _eTS2 _fc.2 _gDonaciØn _h49721 _i108732 _sb |
||
| 999 |
_c97083 _d97083 |
||